| 000 | 00484nam a22001337a 4500 | ||
|---|---|---|---|
| 008 | 230406b |||||||| |||| 00| 0 eng d | ||
| 040 |
_aNational Science Library _cNational Science Library |
||
| 080 |
_a061.62CECRI _bN8 |
||
| 245 |
_aCECRI golden jubilee souvenir: _bFifty golden years 1948-98 _c/ Central Electrochemical Research Institute |
||
| 260 |
_aKaraikudi: _bCentral Electrochemical Research Institute, _c1998 |
||
| 300 | _a224p. | ||
| 650 | _aReference | ||
| 942 |
_2udc _cREF |
||
| 999 |
_c19342 _d19342 |
||